000 00377nam a2200145Ia 4500
008 230917s9999||||xx |||||||||||||| ||und||
040 _e85661
_aMAIN
041 _aEnglish
082 _a005.133 H749V
100 _aHolzner, Steven
245 0 _aVisual basic 6 programming: Black book
260 _aNew Delhi
_bDreamtech Press
_c2003
300 _axxxv, 1095 p.
942 _cBK
999 _c115385
_d115385